000 00402nam a2200181Ia 4500
008 221030s9999 xx 000 0 und d
020 _a8170085497
041 _aEnglish
082 _a105.23
100 _aP. Loshin
245 0 _aElectronic Commerce
250 _a4th
260 _bFirewall Media
_aNew Delhi
_c2007
300 _a472
650 _aBE Computer
700 _aJ. Vacca
942 _cBK
999 _c5726
_d5726